00587nam a22002057a 450000500170000001000250001702000260004203500170006803500130008503500140009803700080011203700130012008200110013310000180014424500850016226000410024727000530028830000200034170000200036120180301144150.0 a1617EN ENG-117573 a9788175247482c700.00 aB-652737-742 aB-667647 aEN-101105 bKKP bDBAD/PUB a796.07 aKulbeer Singh aTeaching Methods in Physical Education /cby Kulbeer Singh [and] Jaswinder Singh aNew DelhibKhel Sahitya Kendrac2016 a7/26, Ansari Road, Darya GanjbNew Delhie110002 a224p.b22cm(HB) aJaswinder Singh